Speed Math - 1 digit multiplication - Statistics

General Stats
  • This quiz has been taken 1,915 times
  • The average score is 46 of 100
Answer Stats
Hint Answer % Correct
0x1 0
98%
5x3 15
97%
7x1 7
97%
4x2 8
97%
6x4 24
95%
7x0 0
94%
7x9 63
93%
7x3 21
91%
8x6 48
91%
4x8 32
90%
8x5 40
90%
3x6 18
89%
4x7 28
89%
1x1 1
86%
9x3 27
86%
6x7 42
85%
8x7 56
85%
0x8 0
84%
2x1 2
84%
2x2 4
84%
3x3 9
83%
6x5 30
82%
9x6 54
82%
7x5 35
81%
1x8 8
81%
9x4 36
80%
2x0 0
79%
5x1 5
79%
4x0 0
78%
4x5 20
78%
6x6 36
75%
0x4 0
74%
2x4 8
74%
1x4 4
72%
4x3 12
70%
9x8 72
67%
0x0 0
66%
2x9 18
63%
5x4 20
62%
3x9 27
60%
1x5 5
60%
9x5 45
57%
0x2 0
56%
1x2 2
56%
3x7 21
53%
8x8 64
50%
9x9 81
48%
4x6 24
45%
2x6 12
44%
3x0 0
43%
1x6 6
42%
5x6 30
39%
5x0 0
36%
7x4 28
36%
5x9 45
33%
9x2 18
32%
0x9 0
28%
6x9 54
28%
6x0 0
26%
7x2 14
26%
5x7 35
26%
0x5 0
24%
8x4 32
24%
0x3 0
21%
7x8 56
21%
4x4 16
19%
6x2 12
18%
7x7 49
18%
8x2 16
16%
2x3 6
16%
1x3 3
15%
1x0 0
13%
9x7 63
13%
6x3 18
12%
8x3 24
12%
2x8 16
11%
4x9 36
11%
3x2 6
11%
8x0 0
10%
5x5 25
10%
6x8 48
10%
0x7 0
9%
3x1 3
9%
4x1 4
9%
1x9 9
9%
1x7 7
8%
3x4 12
7%
2x7 14
7%
5x8 40
7%
8x9 72
7%
9x1 9
7%
0x6 0
6%
3x5 15
6%
9x0 0
5%
2x5 10
5%
5x2 10
5%
7x6 42
5%
6x1 6
5%
8x1 8
5%
3x8 24
4%
No matching quizzes found
Score Distribution
Percent of People with Each Score
Percentile by Number Answered
Your Score History
You have not taken this quiz